Quiz o polskich miejscowościach - Statystyki

Ogólne statystyki
  • Ten quiz został rozwiązany 167 razy
  • Średni wynik to 4 z 19
Statystyki odpowiedzi
Quiz o polskich miejscowościach Dane Odpowiedź % Poprawnych
Największe miasto w Polsce 1 764 615 Warszawa
100%
Największe miasto nad morzem w Polsce 466 631 Gdańsk
56%
Miasto w środku Polski 1 908 Piątek
42%
Największa wieś w Polsce 12 271 Kozy
28%
Miasto wysunięte najbardziej na południe 27 078 Zakopane
28%
Największa gmina miejska w Polsce 1 764 615 Warszawa
23%
Miasto wysunięte najbardziej na północ 10 037 Władysławowo
23%
Miasto wysunięte najbardziej na wschód 17 903 Hrubieszów
21%
Ilość miast poniżej 1 tysiąca mieszkańców 8
17%
Najmniejsze miasto w Polsce 338 Opatowiec
17%
Największy powiat w Polsce 2 975 km2 białostocki
15%
Najstarsze miasto w Polsce 15 844 Złotoryja
15%
Miasto wysunięte najbardziej na zachód 1 625 Cedynia
14%
Największe miasto przy granicy w Polsce 89 590 Jastrzębie-Zdrój
9%
Najmniejszy powiat w Polsce 13.4 km2 Świętochłowice
7%
Najmniejsza gmina miejska w Polsce 1 302 Krynica Morska
6%
Najgęściej zaludnione miasto w Polsce 3 993 os./km2 Legionowo
6%
Największa gmina miejsko - wiejska 82 526 Piaseczno
2%
Najmniejsza wieś gminna w Polsce 195 Wilków
2%
Nie znaleziono quizów pasujących do podanych kryteriów
Rozkład punktacji
Procent ludzi z każdym wynikiem
Percentyl według liczby udzielonych odpowiedzi
Twoja historia wyników
Nie rozwiązałeś tego quizu